Music Quiz

Random Music or Artist Quiz

Bands/Artists From South Carolina Quiz Stats

 Plays Quiz not verified by Sporcle

Score 0/10 Timer 02:00
0 Plays Today
A Song From Each Band/Artist Answer % Correct
The TwistChubby Checker
71%
Get Up (I Feel Like Being A) Sex MachineJames Brown
67.6%
Santa BabyEartha Kitt
52.1%
Let Her CryHootie & The Blowfish
51%
A Whole New World (With Regina Bell)Peabo Bryson
44.3%
Heard It In A Love SongThe Marshall Tucker Band
25.4%
Soul Survivor (Feat. Akon)Young Jeezy
20.2%
Hard To LoveLee Brice
17.9%
Close The DoorTeddy Pendergrass
13.7%
Rainy Night In GeorgiaBrook Benton
0%

You're not logged in!

Compare scores with friends on all Sporcle quizzes.
OR
Log In

Show Comments

Extras

Top Quizzes Today


Score Distribution

Your Account Isn't Verified!

In order to create a playlist on Sporcle, you need to verify the email address you used during registration. Go to your Sporcle Settings to finish the process.

Report this User

Report this user for behavior that violates our Community Guidelines.

Details: